00326nam a2200133Ia 4500003000400000005001700004008004100021040000900062082001700071100001500088245003800103260004200141300000900183OSt20200121145255.0190216s9999||||xx |||||||||||||| ||und|| coclc a658.3bAHU/P aAhuja, K K 0aPersonnel Management /cK K Ahuja bKalyani Publishers,c1998.aLudhiana: a911p